Complète les paroles #2 : Stromae - Statistiques

Statistiques générales
  • Ce quiz a été pris 66 fois
  • Le résultat moyen est 8 sur 15
Statistiques - réponses
Question Réponse % Correct
Complète : "Et qu'est-ce que vous avez tous à me regarder comme un singe, vous? Ah oui, vous êtes saints, vous..." Bande de macaques, donnez moi un bébé singe
87%
Complète :"Lorsque je n'serais plus belle ou du moins au naturel arrête je sais que tu mens,..." il n'y a que Kate Moss qui est éternelle
83%
Complète : "Dites-nous où c'est caché, ça doit faire au moins mille fois..." qu'on a bouffé nos doigts
75%
Complète : "Han, pardon, Monsieur ne prend pas parti, Monsieur n′est même pas raciste, vu que Monsieur n'a pas de racines..." D′ailleurs Monsieur a un ami noir, et même un ami Aryen
67%
Complète : "Et qui dit crédit dit créance, qui dit dette te dit huissier..." Et lui dit assis dans la merde
62%
Complète : "Il voudra toujours, toujours, toujours plus de choix voulez, voulez-vous des sentiments tombés du camion..." L'offre et la demande pour unique et seule loi
62%
Complète : "On croit parfois que c'est la seule manière de les faire taire..." Ces pensées qui nous font vivre un enfer
58%
Complète : "Tu sors trop, du moins c'est ce qu'ils disent Ils parlent trop,..." C'est pourquoi tes oreilles sifflent
47%
Complète : "Je l'aime à mort, mais pour la vie on se dira oui, à la vie à la mort..." Et même en changeant d'avis, même en sachant qu'on a tort
47%
Complétez : "Pilotes d'avion ou infirmières, Chauffeurs de camion, hôtesses de l'air..." Boulangers ou marins-pêcheurs, un verre aux champions des pires horaires
42%
Complète : "Y a d'abord eu Natasha mais avant y avait Natalie..." Puis tout d'suite après y a eu Laura
40%
Complète : "Enchanté, moi, c'est Nicolas Vas-y viens, on boit un verre..." Ou si tu veux, on l'fait tout d'suite
37%
Complète : "Mais avant qu'il passe à table, il boit toujours un verre de blanc, pour oublier l'exécrable..." Sur et si âcre, goût de l'océan
37%
Complète : "Et ce sera toujours fièrement que j'en parlerai, que j'en parlerai..." J'suis un fils de pute, comme ils disent
35%
Complétez : "Et je me suis dit que c'était la même, parce qu'il fallait me faire une idée..." On m'a traité de pessimiste avec des mots à me suicider.
25%
Aucun quiz correspondant
Distribution des résultats
% des personnes avec chaque résultat
Percentile par nombre de réponses
Votre historique - résultats
Vous n’avez pas pris ce quiz